UM Logo

Young children's drawings of plant world : (Record no. 17998)

MARC details
000 -LEADER
fixed length control field 00853nam a22002297a 4500
003 - CONTROL NUMBER IDENTIFIER
control field OSt
005 - DATE AND TIME OF LATEST TRANSACTION
control field 20230324131633.0
008 - FIXED-LENGTH DATA ELEMENTS--GENERAL INFORMATION
fixed length control field 230324b ||||| |||| 00| 0 eng d
040 ## - CATALOGING SOURCE
Transcribing agency 0
082 ## - DEWEY DECIMAL CLASSIFICATION NUMBER
Classification number DPer 570 J826 2021 v55 no. 1-5
100 ## - MAIN ENTRY--PERSONAL NAME
Personal name Villanueva, Xabier.
Relator term author.
9 (RLIN) 48084
245 ## - TITLE STATEMENT
Title Young children's drawings of plant world :
Remainder of title a cohort study analysing pictorial content /
Statement of responsibility, etc. Xabier Villanueva, José Domingo Villaroel, and Alvaro Antón
260 ## - PUBLICATION, DISTRIBUTION, ETC. (IMPRINT)
Place of publication, distribution, etc. United Kingdom,
Name of publisher, distributor, etc. Taylor & Francis Group,
Date of publication, distribution, etc. June 2021.
300 ## - PHYSICAL DESCRIPTION
Extent volume 55, pages 225-237, illustration.
650 ## - SUBJECT ADDED ENTRY--TOPICAL TERM
Topical term or geographic name as entry element Education.
9 (RLIN) 48085
650 ## - SUBJECT ADDED ENTRY--TOPICAL TERM
Topical term or geographic name as entry element Drawing.
9 (RLIN) 48086
650 ## - SUBJECT ADDED ENTRY--TOPICAL TERM
Topical term or geographic name as entry element Biology.
9 (RLIN) 48087
700 ## - ADDED ENTRY--PERSONAL NAME
Personal name Villanueva, Xabier.
Relator term author.
9 (RLIN) 48084
700 ## - ADDED ENTRY--PERSONAL NAME
Personal name Villaroel, José Domingo.
Relator term author.
9 (RLIN) 48088
700 ## - ADDED ENTRY--PERSONAL NAME
Personal name Antón, Alvar.
Relator term author.
9 (RLIN) 48089
942 ## - ADDED ENTRY ELEMENTS (KOHA)
Source of classification or shelving scheme Dewey Decimal Classification
Koha item type Periodicals
Holdings
Withdrawn status Lost status Source of classification or shelving scheme Damaged status Not for loan Collection code Home library Current library Date acquired Total Checkouts Full call number Date last seen Price effective from Koha item type Public note
    Dewey Decimal Classification     Periodicals UM Digos College - LIC UM Digos College - LIC 03/24/2023   DPer 570 J826 2021 v55 no. 1-5 03/24/2023 03/24/2023 Periodicals Periodical Article